000 00732nam a2200217 a 4500
001 BRCA_1980
005 20190320203626.0
008 101005s1968----nyua---###---#000-0#eng-d
050 4 _aN6782
_b.S77 1968
100 1 _aStrickland, Walter George
_96075
245 1 0 _aA Dictionary of Irish Artists
_cWalter George Strickland; introduction by Theo Snoddy.
260 _aNew York
_bHacker Art Books
_c1968
300 _a727 p.
_bil., retratos
_c25 cm.
500 _aIncluye listas de retratos e índice alfabético
500 _aLa biblioteca cuenta con el volumen 2
505 0 _aContenido: v.1. A to K. -- v.2. L to Z
650 1 4 _aArtistas
_vDiccionarios
_96076
700 1 _aSnoddy, Theo
_96077
902 _aREF
942 _2lcc
_cB
999 _c1749
_d1749